[Event "Titled Tue 27th May Early"]
[Site "chess.com INT"]
[Date "2025.05.27"]
[Round "9"]
[White "Gustafsson, Jan"]
[Black "Shevchenko, Yaroslav"]
[Result "1-0"]
[WhiteTitle "GM"]
[WhiteElo "2591"]
[BlackElo "2137"]
[WhiteFideId "4625498"]
[BlackFideId "34144684"]
[EventDate "2025.05.27"]

1. c4 e6 2. Nc3 d5 3. d4 Nf6 4. Bg5 c6 5. e3 h6 6. Bh4 Nbd7 7. Nf3 Be7 8. Qc2
O-O 9. Rd1 b6 10. cxd5 exd5 11. Bd3 Re8 12. O-O Bb7 13. Ne5 Nxe5 14. dxe5 Ng4
15. Bg3 Bc5 16. Na4 Bf8 17. e6 fxe6 18. Bh7+ Kh8 19. Bg6 Re7 20. Bh4 Nf6 21. e4
e5 22. f4 d4 23. fxe5 Rxe5 24. Bg3 Rg5 25. e5 Nd5 26. Bh4 Ne3 27. Bxg5 Qxg5 28.
Qe4 Nxd1 29. Rxd1 Rd8 30. h4 Qg3 31. Rd3 c5 32. Qxb7 Qe1+ 33. Kh2 Qxh4+ 34. Rh3
Qf4+ 35. g3 Qf2+ 36. Kh1 Qf1+ 37. Kh2 Qf2+ 38. Kh1 Qe1+ 39. Kh2 Qe2+ 40. Qg2
Qxg2+ 41. Kxg2 b5 42. Nxc5 Bxc5 43. Bd3 Re8 44. Rh5 a6 45. Kf3 Bb6 46. Ke4 Kg8
47. a4 bxa4 48. Bxa6 Rb8 49. Bc4+ Kh8 50. e6 Bd8 51. Rd5 Bf6 52. Rd7 Rxb2 53. e7
Rb8 54. Bf7 Bxe7 55. Rxe7 a3 56. Ra7 Rf8 57. Kf5 g5 58. Kg6 d3 59. Rxa3 d2 60.
Rd3 h5 61. Rxd2 h4 62. gxh4 gxh4 63. Rh2 1-0

[Event "Titled Tue 27th May Early"]
[Site "chess.com INT"]
[Date "2025.05.27"]
[Round "9"]
[White "Aarit Kapil"]
[Black "Mikhalsky, Vladimir"]
[Result "1-0"]
[WhiteTitle "CM"]
[WhiteElo "2098"]
[BlackElo "2219"]
[WhiteFideId "33408947"]
[BlackFideId "14144352"]
[EventDate "2025.05.27"]

1. Nf3 c5 2. g3 Nc6 3. Bg2 e5 4. O-O d5 5. d3 f6 6. Nbd2 Be6 7. c4 d4 8. a3 Qd7
9. Rb1 a5 10. Qa4 Nge7 11. Ne4 Nc8 12. Qb5 a4 13. Nxc5 Bxc5 14. Qxc5 Ra5 15.
Nxe5 fxe5 16. Bxc6 Rxc5 17. Bxd7+ Kxd7 18. Bd2 Ne7 19. b4 Rcc8 20. b5 b6 21. Rb4
Ra8 22. f4 exf4 23. Rxf4 Nf5 24. g4 Ne7 25. Rxd4+ Kc7 26. Bf4+ Kb7 27. Re4 Ng6
28. Rxe6 Nxf4 29. Re7+ Kc8 30. Rb1 Rb8 31. Rf1 g5 32. h4 Rb7 33. Re4 Rg8 34. Rf3
Rf7 35. hxg5 Nxe2+ 36. Kf2 Rxf3+ 37. Kxf3 Nc1 38. Ke3 Rxg5 39. d4 h5 40. gxh5
Rxh5 41. Kd2 Nb3+ 42. Kc3 Rh3+ 43. Kb4 Nd2 44. Re8+ Kd7 45. Re2 Rd3 46. d5 Nb1
47. Re6 Rxa3 48. Rxb6 Ra2 49. Ra6 a3 50. Kc5 Rb2 51. Ra7+ Ke8 52. d6 a2 53. Kc6
Rd2 54. b6 Nc3 55. b7 Rb2 56. Ra8+ Kf7 57. d7 1-0

[Event "Titled Tue 27th May Early"]
[Site "chess.com INT"]
[Date "2025.05.27"]
[Round "9"]
[White "Modric, Nesa"]
[Black "Zhukovskyi, Oleksandr"]
[Result "0-1"]
[WhiteTitle "CM"]
[BlackTitle "CM"]
[WhiteElo "2088"]
[BlackElo "2153"]
[WhiteFideId "922579"]
[BlackFideId "14169371"]
[EventDate "2025.05.27"]

1. d4 Nf6 2. Bg5 Ne4 3. Bh4 d5 4. Nd2 Nxd2 5. Qxd2 g6 6. e3 Bg7 7. c4 c6 8. Nf3
O-O 9. cxd5 cxd5 10. Bd3 Nc6 11. a3 Bg4 12. O-O Bxf3 13. gxf3 Qd7 14. Bg3 e5 15.
dxe5 Nxe5 16. Be2 Rfd8 17. Rfd1 Rac8 18. Rac1 Rxc1 19. Qxc1 Nc6 20. b4 a6 21. b5
axb5 22. Bxb5 Bf8 23. a4 Qe6 24. Qc3 Bb4 25. Qb3 Ba5 26. Qd3 Ne5 27. Bxe5 Qxe5
28. f4 Qh5 29. Qe2 Qh3 30. Qf1 Qg4+ 31. Kh1 Qf3+ 32. Kg1 Bb6 33. Rc1 d4 34. Qg2
Qxg2+ 35. Kxg2 dxe3 36. fxe3 Bxe3 37. Rc4 b6 38. Kf3 Bg1 39. h3 Rd2 40. Rc7 Rf2+
41. Kg3 Rb2 42. Bc4 Kg7 43. Rxf7+ Kh6 44. Rd7 Bh2+ 45. Kf3 Rb4 46. Bg8 Rxf4+ 47.
Kg2 Rxa4 48. Rxh7+ Kg5 49. Kxh2 Rf4 50. Rb7 Rf6 51. Bb3 Rd6 52. Bg8 Kf4 53. Bf7
g5 54. Kg2 Ke3 55. Kg3 Kd4 56. Kg4 Kc5 57. Kxg5 Rd4 58. h4 Rd2 59. h5 Rg2+ 60.
Kf5 b5 61. h6 Rh2 62. Kg6 b4 0-1

[Event "Titled Tue 27th May Early"]
[Site "chess.com INT"]
[Date "2025.05.27"]
[Round "9"]
[White "Kawka, Milena"]
[Black "Al-Tarboush, Ward"]
[Result "0-1"]
[WhiteTitle "WCM"]
[BlackTitle "FM"]
[WhiteElo "2004"]
[BlackElo "2223"]
[WhiteFideId "21095167"]
[BlackFideId "7601450"]
[EventDate "2025.05.27"]

1. e4 e6 2. d4 d5 3. Nc3 Nf6 4. Bg5 dxe4 5. Nxe4 Be7 6. Bxf6 gxf6 7. Nf3 f5 8.
Nc3 a6 9. g3 b5 10. Bg2 Bb7 11. Qd2 O-O 12. O-O b4 13. Ne2 Nd7 14. Nf4 Nf6 15.
Ne5 Bxg2 16. Kxg2 c5 17. Nc6 Qd7 18. Nxe7+ Qxe7 19. dxc5 Qxc5 20. Nd3 Qd5+ 21.
Kg1 Ne4 22. Qe3 a5 23. f3 Nd6 24. Qg5+ Kh8 25. Qf6+ Kg8 26. Rad1 Ne8 27. Qe7
Qd4+ 28. Kg2 Qf6 29. Qxf6 Nxf6 30. Nf4 Rac8 31. Rf2 Rfd8 32. Rfd2 Rxc2 33. Rxc2
Rxd1 34. Kf2 Rh1 35. Kg2 Ra1 36. b3 h6 37. Kf2 Kg7 38. h4 e5 39. Nd3 e4 40. Nc5
h5 41. fxe4 fxe4 42. Ke3 Kg6 43. Kf4 Rf1+ 44. Ke3 Rf3+ 45. Ke2 Rxg3 46. Kf2 Rg4
47. Nb7 Rxh4 48. Rc6 Rf4+ 49. Ke3 Rf3+ 50. Ke2 h4 51. Nc5 Kg7 52. Rc7 h3 53.
Nxe4 h2 54. Rc1 Rh3 55. Nf2 Rh4 56. Rh1 Nh5 57. Kf3 f5 58. Rd1 Kf6 59. Rd6+ Ke5
60. Rd1 Nf6 61. Rc1 Ne4 62. Nh1 Rg4 63. Rc2 Rf4+ 64. Ke3 Rh4 65. Rg2 Rh3+ 66.
Ke2 f4 67. Rg8 Re3+ 68. Kf1 f3 69. Re8+ Kd5 70. Rd8+ Ke6 71. Re8+ Kd7 72. Rh8
Rc3 73. Rh7+ Kd6 74. Rh6+ Ke5 75. Rh5+ Kf6 76. Rxa5 Rc1# 0-1

[Event "Titled Tue 27th May Early"]
[Site "chess.com INT"]
[Date "2025.05.27"]
[Round "9"]
[White "Montano Vicente, Guadalupe"]
[Black "Angulo Perez, Sebastian"]
[Result "0-1"]
[BlackTitle "CM"]
[WhiteElo "1940"]
[BlackElo "2026"]
[WhiteFideId "5181399"]
[BlackFideId "6544045"]
[EventDate "2025.05.27"]

1. d4 Nf6 2. c4 e6 3. Nf3 d5 4. Nc3 Bb4 5. Bg5 O-O 6. e3 h6 7. Bxf6 Qxf6 8. Qb3
Bxc3+ 9. bxc3 c6 10. Ne5 Na6 11. c5 Nc7 12. Be2 Qe7 13. O-O Rb8 14. Rfb1 Qe8 15.
Qa4 f6 16. Qxa7 Ra8 17. Qb6 fxe5 18. Qxc7 exd4 19. cxd4 Qg6 20. Qg3 Qf5 21. Rb2
Ra3 22. h3 Rc3 23. Rd1 Ra3 24. Bg4 Qf7 25. Rbd2 Kh8 26. Qe5 Kh7 27. Rc1 g6 28.
Rcc2 h5 29. Bf3 Ra4 30. Rb2 Rg8 31. h4 Qe7 32. Rdc2 Qxh4 33. Qc7+ Kh6 34. g3 Qf6
35. Kg2 Rf8 36. Qf4+ Qxf4 37. gxf4 Ra7 38. Be2 Bd7 39. Bd3 Rfa8 40. Be2 Bc8 41.
Kg3 Ra4 42. Bf3 R8a5 43. Bg2 Ra3 44. Bh3 R5a4 45. Kg2 Rc4 46. Kg3 Rxc2 47. Rxc2
Kg7 48. Rb2 Kf6 49. Kf3 Rc3 50. Rb3 Rc2 51. a3 Rc4 52. Kg3 Ra4 53. Kf3 Ra7 54.
Kg3 Ra4 55. Kf3 Rc4 56. Kg3 Rc1 57. Kf3 Rg1 58. Ke2 Rh1 59. Bg2 Ra1 60. Bh3 Rh1
61. Bg2 Rh2 62. Kf3 h4 63. Rb2 h3 64. Kg3 Rxg2+ 65. Kxh3 Rg1 0-1

[Event "Titled Tue 27th May Early"]
[Site "chess.com INT"]
[Date "2025.05.27"]
[Round "9"]
[White "Maslovskiy, Vladimir"]
[Black "Jakubowski, Krzysztof"]
[Result "0-1"]
[WhiteTitle "FM"]
[BlackTitle "GM"]
[WhiteElo "2370"]
[BlackElo "2448"]
[WhiteFideId "24273546"]
[BlackFideId "1112848"]
[EventDate "2025.05.27"]

1. e4 c6 2. d4 d5 3. exd5 cxd5 4. Bd3 Nc6 5. c3 Nf6 6. Bf4 Bg4 7. Qb3 Qd7 8. Nd2
e6 9. Ngf3 Bxf3 10. Nxf3 Bd6 11. Bxd6 Qxd6 12. O-O O-O 13. Rfe1 Rab8 14. a4 Rfc8
15. Qd1 a6 16. Qe2 g6 17. g3 Nd7 18. h4 Na5 19. h5 Nc4 20. Kg2 b5 21. axb5 Rxb5
22. Ra2 Qb6 23. Bxc4 dxc4 24. hxg6 hxg6 25. Rea1 a5 26. Rh1 Qc6 27. Qe3 Nf6 28.
Qh6 Rh5 29. Rxh5 Nxh5 30. Rxa5 Rb8 31. Rc5 Qe4 32. Re5 Qa8 33. g4 Nf6 34. Qg5
Kg7 35. Re2 Qa4 36. Qe5 Rb5 37. Qf4 Qa5 38. Ne5 Qa8+ 39. Qf3 Qa7 40. g5 Nd5 41.
Qe4 Ra5 42. Nxc4 Ra1 43. Ne3 Qe7 44. Qe5+ Kg8 45. Nxd5 Qb7 46. Qf6 Qxd5+ 47. Kg3
Rg1+ 48. Kf4 Qg2 49. Qd8+ Kh7 50. Ke5 Qh2+ 51. Kf6 Qf4+ 52. Ke7 Qxg5+ 53. Ke8
Qb5+ 54. Qd7 Qxe2 55. Qxf7+ Kh6 56. Qf4+ Kg7 57. Qf8+ Kh7 58. Qf7+ Kh6 59. Qf4+
Rg5 60. Qf8+ Kh5 61. Qh8+ Kg4 62. Qh2 Qb5+ 63. Kf8 Qb8+ 64. Kg7 Qxh2 0-1

[Event "Titled Tue 27th May Early"]
[Site "chess.com INT"]
[Date "2025.05.27"]
[Round "9"]
[White "Torres Rebolledo, Alvaro"]
[Black "Thorhallsson, Simon"]
[Result "0-1"]
[WhiteTitle "FM"]
[BlackTitle "FM"]
[WhiteElo "2336"]
[BlackElo "2218"]
[WhiteFideId "54587670"]
[BlackFideId "2310090"]
[EventDate "2025.05.27"]

1. Nf3 g6 2. e3 Bg7 3. c4 Nf6 4. Nc3 O-O 5. Be2 c5 6. O-O b6 7. b3 Bb7 8. Bb2 d5
9. cxd5 Nxd5 10. Rc1 Nb4 11. d4 cxd4 12. Nxd4 N8c6 13. Nf3 Nxa2 14. Nxa2 Bxb2
15. Rc2 Bg7 16. Qc1 Rc8 17. Rd1 Qe8 18. Bb5 a6 19. Bxc6 Rxc6 20. Nd4 Rxc2 21.
Qxc2 Qa8 22. f3 Rd8 23. Nb4 b5 24. Qc7 e5 25. Rc1 exd4 26. Qe7 dxe3 27. h4 Re8
28. Qd7 e2 29. Kf2 Bc3 30. Nd3 Bd2 31. Rc7 e1=Q+ 32. Nxe1 Bxe1+ 33. Kf1 Bd5 34.
h5 Be6 35. Qd4 Qd5 36. Qf6 Qd3+ 37. Kg1 Qe3+ 38. Kh2 Bh4 39. Qxh4 Qe5+ 40. Qg3
Qxg3+ 41. Kxg3 gxh5 42. Ra7 Bxb3 43. Rxa6 Bc4 44. Rb6 Kg7 45. Kh4 Re6 46. Rb7
Rg6 47. g3 Rf6 48. f4 Rg6 49. Kh3 Rc6 50. Kh4 Kf6 51. Kxh5 Ke6 52. g4 Kd5 53. g5
Kc5 54. f5 Bd3 55. f6 Bg6+ 56. Kh6 b4 57. Kg7 Rb6 58. Rc7+ Kd4 59. Rxf7 Bxf7 60.
Kxf7 b3 61. Kg7 b2 62. f7 Rb7 63. Kg8 Rxf7 64. Kxf7 b1=Q 65. Kg7 Qg6+ 66. Kh8 h6
67. gxh6 Qf7 68. h7 Qf8# 0-1

[Event "Titled Tue 27th May Early"]
[Site "chess.com INT"]
[Date "2025.05.27"]
[Round "9"]
[White "Gunawardhana, Devindya Oshini"]
[Black "Marynychenko, Yehor"]
[Result "0-1"]
[WhiteTitle "WIM"]
[BlackTitle "CM"]
[WhiteElo "2068"]
[BlackElo "2183"]
[WhiteFideId "29941482"]
[BlackFideId "34160558"]
[EventDate "2025.05.27"]

1. Nf3 Nf6 2. g3 g6 3. Bg2 Bg7 4. O-O O-O 5. d3 d6 6. Nbd2 Nbd7 7. c4 e5 8. e3
Re8 9. Qc2 Nc5 10. Rb1 Bf5 11. Ne1 e4 12. d4 Nd3 13. Nxd3 exd3 14. Qc3 c5 15. b4
cxd4 16. exd4 Ne4 17. Nxe4 Bxe4 18. Bxe4 Rxe4 19. Be3 Qe7 20. Qxd3 Re8 21. d5 b6
22. Rbc1 Qd8 23. Rfd1 f5 24. c5 bxc5 25. bxc5 dxc5 26. Bxc5 f4 27. d6 fxg3 28.
hxg3 Qd7 29. Ba3 Bf6 30. Rc7 Qf5 31. d7 Rd8 32. Qb3+ Kg7 33. Rc8 Re2 34. Bc5
Rxc8 35. dxc8=Q Qxc8 36. Qb5 Qe8 37. Qxe8 Rxe8 38. Rd7+ Kg8 39. Rxa7 Rc8 40. Be3
h5 41. a4 Rc4 42. a5 Bd4 43. Ra8+ Kg7 44. Bxd4+ Rxd4 45. a6 Ra4 46. a7 g5 47.
Kg2 g4 48. Kf1 Ra2 49. Ke1 Ra6 50. Ke2 Ra3 51. Kd2 Ra2+ 52. Ke3 Ra5 53. Ke4 Kh7
54. Kf4 Kg7 55. f3 Ra4+ 56. Ke3 Ra3+ 57. Kf2 gxf3 58. Kf1 Ra2 59. Kg1 Kh7 60.
Kf1 Kg7 61. Kg1 h4 62. Kf1 hxg3 63. Kg1 Ra1# 0-1

[Event "Titled Tue 27th May Early"]
[Site "chess.com INT"]
[Date "2025.05.27"]
[Round "9"]
[White "Lissillour, Baptiste"]
[Black "Guerra Tulcan, Lenin"]
[Result "0-1"]
[WhiteTitle "FM"]
[BlackTitle "IM"]
[WhiteElo "2318"]
[BlackElo "2310"]
[WhiteFideId "45179620"]
[BlackFideId "3601382"]
[EventDate "2025.05.27"]

1. e4 c5 2. Nf3 e6 3. g3 b6 4. Bg2 Bb7 5. Nc3 d6 6. O-O Nd7 7. d4 cxd4 8. Qxd4
a6 9. Nd2 Qc7 10. Rd1 Rc8 11. Nb3 Ngf6 12. h3 Be7 13. Be3 O-O 14. Kh2 b5 15. a4
e5 16. Qb4 bxa4 17. Qxa4 Nb6 18. Qa5 Nc4 19. Qxc7 Rxc7 20. Bc1 Rb8 21. Na5 Bc8
22. Nxc4 Rxc4 23. Ra2 h6 24. Be3 Be6 25. Rxa6 Rxb2 26. Nd5 Nxd5 27. exd5 Bf5 28.
Rd2 Rcxc2 29. Rxc2 Rxc2 30. Ra7 Bf8 31. h4 Rb2 32. Ra8 Rb5 33. Rc8 e4 34. Re8
Rxd5 35. Bxe4 Bxe4 36. Rxe4 f6 37. Re8 Kf7 38. Ra8 Re5 39. Kg2 Re7 40. Kf3 Rd7
41. Ke4 d5+ 42. Kd4 Bd6 43. g4 Be5+ 44. Kd3 d4 45. Bd2 g5 46. hxg5 hxg5 47. Ra2
Rb7 48. Ra3 Rb2 49. Ra7+ Kg6 50. f3 Rb3+ 51. Ke4 Rb2 52. Bc1 Rc2 53. f4 Rxc1 54.
fxe5 Re1+ 55. Kxd4 Rxe5 56. Ra6 Re1 57. Ra4 Kf7 58. Kd5 Re5+ 59. Kd4 Re1 60. Kd5
Rf1 61. Ra7+ Kg6 62. Ra4 Re1 63. Rd4 Rg1 64. Ke6 Re1+ 65. Kd6 f5 66. gxf5+ Kxf5
67. Kd5 g4 68. Rd3 Kf4 69. Kd6 g3 0-1

[Event "Titled Tue 27th May Early"]
[Site "chess.com INT"]
[Date "2025.05.27"]
[Round "9"]
[White "Demchenko, Yaroslav"]
[Black "Mica, Marek"]
[Result "1-0"]
[WhiteTitle "CM"]
[BlackTitle "FM"]
[WhiteElo "2286"]
[BlackElo "2372"]
[WhiteFideId "14186667"]
[BlackFideId "382884"]
[EventDate "2025.05.27"]

1. Nf3 Nf6 2. b3 e6 3. Bb2 d5 4. d4 b6 5. e3 Bb7 6. Bd3 Nbd7 7. Nbd2 Bd6 8. Ne5
O-O 9. Qf3 c5 10. Qh3 Ne4 11. Nxd7 Qxd7 12. dxc5 Bxc5 13. O-O-O f5 14. Nxe4 fxe4
15. Bxe4 g6 16. Rhf1 Qe7 17. Bd3 Rac8 18. Kb1 e5 19. f4 e4 20. Be2 Bb4 21. f5
Bc3 22. fxg6 hxg6 23. Qg4 Kg7 24. Rxf8 Qxf8 25. Qd7+ Qf7 26. Qxf7+ Kxf7 27. Bg4
Rc7 28. Rf1+ Kg7 29. Be6 Bxb2 30. Kxb2 Re7 31. Bg4 Re5 32. Kc3 Ba6 33. Rf2 Re7
34. Kd4 Bb7 35. a4 Bc6 36. h4 Re8 37. g3 Re7 38. c3 Re8 39. h5 gxh5 40. Bxh5 Re7
41. g4 Bb7 42. g5 Bc6 43. g6 Be8 44. Kxd5 Rc7 45. c4 Bc6+ 46. Kd6 Rc8 47. Bg4
Rd8+ 48. Kxc6 Kxg6 49. Bf5+ Kg5 50. Bxe4 Rd1 51. Bd5 Rb1 52. c5 Rc1 53. b4 a5
54. Kxb6 axb4 55. c6 Rc3 56. c7 b3 57. Bxb3 Rxb3+ 58. Kc6 Rc3+ 59. Kd7 Rd3+ 60.
Kc8 Rxe3 61. Rc2 Kf6 62. Kb7 Rb3+ 63. Ka7 Ra3 64. c8=Q Rxa4+ 65. Qa6+ Rxa6+ 66.
Kxa6 Ke5 67. Kb5 Kd4 68. Kb4 Kd3 69. Rc3+ Kd4 70. Kb3 Kd5 71. Rc4 Kd6 72. Kb4
Kd7 73. Kb5 Kd6 74. Rc5 Ke6 75. Kc6 Kf6 76. Rd5 Kg6 77. Re5 Kf6 78. Kd6 Kf7 79.
Re6 Kf8 80. Re7 Kg8 81. Ke6 Kh8 82. Kf6 Kg8 83. Rf7 Kh8 84. Kg6 Kg8 85. Rf6 Kh8
86. Rf8# 1-0

[Event "Titled Tue 27th May Early"]
[Site "chess.com INT"]
[Date "2025.05.27"]
[Round "9"]
[White "Gadzhiev, Ruslan"]
[Black "Parfenov, Viktor N."]
[Result "1-0"]
[WhiteTitle "CM"]
[BlackTitle "CM"]
[WhiteElo "2169"]
[BlackElo "2193"]
[WhiteFideId "55671926"]
[BlackFideId "4165969"]
[EventDate "2025.05.27"]

1. e4 e5 2. Nf3 Nf6 3. Nxe5 d6 4. Nf3 Nxe4 5. d3 Nf6 6. d4 Be7 7. Bd3 c5 8. O-O
O-O 9. h3 Nc6 10. c3 h6 11. Re1 Be6 12. Na3 cxd4 13. cxd4 Nb4 14. Bb1 Rc8 15.
Nc2 Nxc2 16. Bxc2 Re8 17. Bb3 d5 18. Be3 Ne4 19. Ne5 Bd6 20. Nd3 Qf6 21. Rc1
Rxc1 22. Qxc1 Rc8 23. Qd1 b6 24. Qe2 Rc7 25. Rc1 Rxc1+ 26. Nxc1 Qg6 27. Kf1 Qf6
28. Kg1 Qg6 29. Kh1 Nf6 30. Nd3 Qe4 31. Bc2 Qh4 32. Ne5 Ne4 33. Kg1 Qf6 34. Nc6
Bf5 35. Nxa7 Qg6 36. Bxe4 Bxe4 37. f3 Bd3 38. Qd2 Bf5 39. Kf1 Qg3 40. Nb5 Bb8
41. Nc3 Qh2 42. Bg1 Qh1 43. Ne2 Bh2 44. Qe3 Bxg1 45. Nxg1 Qh2 46. Qe8+ Kh7 47.
Qe5 Qxe5 48. dxe5 Bb1 49. a3 Kg6 50. Kf2 Kf5 51. Ne2 Kxe5 52. Ke3 g5 53. g3 f6
54. f4+ Kd6 55. Nd4 Be4 56. b4 Bg2 57. h4 gxh4 58. gxh4 Be4 59. a4 Bb1 60. a5
bxa5 61. bxa5 Kc5 62. Nb3+ Kb5 63. Kd4 Be4 64. Nc5 Kxa5 65. Nxe4 dxe4 66. Kxe4
Kb5 67. Kf5 Kc4 68. Kxf6 Kd4 69. Kg6 Ke4 70. f5 Ke5 71. f6 Ke6 72. f7 1-0

[Event "Titled Tue 27th May Early"]
[Site "chess.com INT"]
[Date "2025.05.27"]
[Round "9"]
[White "Dicen, Elis Denele"]
[Black "Kriti, Mayur Patel"]
[Result "1/2-1/2"]
[WhiteTitle "WFM"]
[BlackTitle "WCM"]
[WhiteElo "2135"]
[BlackElo "1695"]
[WhiteFideId "462560"]
[BlackFideId "35061780"]
[EventDate "2025.05.27"]

1. e4 e5 2. Nf3 Nc6 3. d4 exd4 4. Nxd4 Bb4+ 5. c3 Bc5 6. Be3 d6 7. Be2 Bb6 8.
O-O Nf6 9. Nd2 O-O 10. f4 Qe7 11. Bf3 Nxd4 12. Bxd4 c5 13. Bf2 Bd7 14. Re1 Rad8
15. Nc4 Bc6 16. Qc2 Qc7 17. Bh4 d5 18. Nxb6 axb6 19. Bxf6 gxf6 20. exd5 Bxd5 21.
Bxd5 Rxd5 22. Qe4 Rfd8 23. Rf1 Rd2 24. Rae1 Kh8 25. Re3 Rg8 26. g3 Qd7 27. Re2
Rd8 28. Rxd2 Qxd2 29. Qxb7 Qe3+ 30. Kh1 Rd2 31. Qf3 Qe6 32. Rf2 Qe1+ 33. Kg2
Rxf2+ 34. Qxf2 Qe4+ 35. Kg1 Qb1+ 36. Kg2 Qxa2 37. Qe2 Qd5+ 38. Kf2 Kg7 39. Qf3
Qd2+ 40. Qe2 Qd5 41. h4 c4 42. Qg4+ Kf8 43. Qf3 Qd2+ 44. Qe2 Qd5 45. Ke1 b5 46.
Qd2 Qh1+ 47. Kf2 Qh2+ 48. Ke3 Qxg3+ 49. Kd4 Qg1+ 50. Kd5 Qb6 51. Ke4 Qe6+ 52.
Kf3 Qh3+ 53. Ke4 Qxh4 54. Qd8+ Kg7 55. Qd7 Qe1+ 56. Kf3 Qf1+ 57. Kg3 Qg1+ 58.
Kh4 Qf2+ 59. Kh3 Qf3+ 60. Kh2 Qxf4+ 61. Kh1 Qf3+ 62. Kg1 Qe3+ 63. Kh1 Qc1+ 64.
Kg2 Qxb2+ 65. Kg1 Qc1+ 66. Kh2 Qf4+ 67. Kg1 Qg3+ 68. Kh1 b4 69. Qe7 bxc3 70.
Qxf7+ Kxf7 1/2-1/2

[Event "Titled Tue 27th May Early"]
[Site "chess.com INT"]
[Date "2025.05.27"]
[Round "9"]
[White "Masague Artero, Guerau"]
[Black "Vingris, Mikelis"]
[Result "1/2-1/2"]
[WhiteTitle "FM"]
[WhiteElo "2326"]
[BlackElo "2102"]
[WhiteFideId "32098952"]
[BlackFideId "11611731"]
[EventDate "2025.05.27"]

1. e4 c5 2. Nc3 Nc6 3. Bb5 g6 4. Bxc6 bxc6 5. d3 Bg7 6. f4 d6 7. Nf3 Nf6 8. O-O
O-O 9. Qe1 Bg4 10. Nd2 e5 11. f5 gxf5 12. exf5 Qd7 13. Qf2 Kh8 14. h3 Bh5 15.
Qh4 Rg8 16. Nde4 Nxe4 17. dxe4 Bg6 18. fxg6 fxg6 19. Bh6 Rgf8 20. Rad1 Qe6 21.
Bxg7+ Kxg7 22. Qg4 Qe7 23. b3 h5 24. Qg3 g5 25. Rxf8 Rxf8 26. Rf1 Rxf1+ 27. Kxf1
h4 28. Qf3 Qe6 29. Nd1 d5 30. Ne3 d4 31. Nf5+ Kg6 32. Qg4 Qf7 33. Ke2 Kf6 34.
Nd6 Qe7 35. Qf5+ Kg7 36. Nc4 a5 37. Qxe5+ Kf7 38. Qxe7+ Kxe7 39. Nxa5 Kd6 40.
Nc4+ Ke6 41. a4 Kd7 42. Kd3 Kc7 43. e5 g4 44. hxg4 h3 45. gxh3 Kb7 46. Ke4 Kc7
47. h4 d3 48. h5 Kb7 49. cxd3 Kc7 50. g5 Kb7 51. g6 Ka7 52. d4 Kb7 53. dxc5 Ka7
54. h6 Kb7 55. h7 Ka7 56. g7 Kb7 57. Kf5 Ka7 58. Kf6 Kb7 59. Kf7 Ka7 60. Ke7 Kb7
61. Kd7 Ka6 62. e6 Kb7 63. e7 Ka6 64. Kxc6 Ka7 65. Kd7 Kb7 66. h8=Q Ka7 67. g8=Q
Kb7 68. e8=Q Ka7 69. Qe1 Kb7 70. Qha1 Ka7 71. Qgg1 Ka6 72. Qeb1 Kb7 73. Qgc1 Ka6
74. Kc6 Ka7 75. Kb5 Kb7 76. a5 Ka7 77. a6 Kb8 78. Kb6 Ka8 79. Nd6 Kb8 80. Nb5
Ka8 81. Nc7+ Kb8 82. a7+ Kc8 83. a8=Q+ Kd7 84. Nb5 Ke7 85. Qae4+ Kd7 86. Qc6+
Kd8 87. Qc7+ Ke8 88. Nd6+ Kf8 89. Qaa2 Kg8 90. Qcc2 Kf8 91. Qd7 Kg8 92. Ne8 Kf8
93. b4 1/2-1/2

[Event "Titled Tue 27th May Early"]
[Site "chess.com INT"]
[Date "2025.05.27"]
[Round "9"]
[White "Tsyhanchuk, Stanislav"]
[Black "Zobel, Christian"]
[Result "0-1"]
[WhiteTitle "IM"]
[BlackTitle "CM"]
[WhiteElo "2273"]
[BlackElo "2157"]
[WhiteFideId "13505130"]
[BlackFideId "16259068"]
[EventDate "2025.05.27"]

1. d4 Nf6 2. Nf3 e6 3. c4 Bb4+ 4. Nbd2 b6 5. a3 Bxd2+ 6. Qxd2 Bb7 7. e3 Ne4 8.
Qc2 O-O 9. Be2 f5 10. O-O d6 11. b4 Nd7 12. d5 exd5 13. Nd4 Qe7 14. cxd5 Bxd5
15. Bc4 Bxc4 16. Qxc4+ Kh8 17. Qxc7 d5 18. Qb7 Qf7 19. Bb2 Rfb8 20. Qa6 Ne5 21.
Qe2 Nc4 22. Rac1 Re8 23. Rfd1 f4 24. Qf3 Nxb2 25. exf4 Nxd1 26. Rxd1 Rf8 27. g3
Rae8 28. Nc6 Qc7 29. Rc1 Rc8 30. b5 Qd6 31. Rd1 a6 32. Qxe4 axb5 33. Nb4 dxe4
34. Rxd6 Rc3 35. Rxb6 Rxa3 36. Re6 h6 37. Rxe4 Rc8 38. Nd5 Ra2 39. Ne3 Rb2 40.
f5 b4 41. f6 g6 42. Kg2 Rf8 43. Re6 b3 44. Rb6 Rb1 45. Nd5 b2 46. Nc3 Rc1 47.
Rxb2 Rxc3 48. Rb6 Rc7 49. h4 Rcf7 50. h5 Rxf6 51. Rb5 g5 52. Rb2 R8f7 53. Rc2
Kh7 54. Ra2 Rd6 55. Rc2 Rff6 56. Ra2 Kg7 57. Rb2 Kf7 58. Rb7+ Ke6 59. Rb2 Kd5
60. Rb5+ Kc4 61. Rb2 Kc3 62. Re2 Kd3 63. Re3+ Kd2 64. g4 Rf4 65. Kg3 Rdf6 66. f3
Kxe3 67. Kg2 Rxf3 68. Kh2 Rf2+ 69. Kg1 R2f4 70. Kg2 Rxg4+ 71. Kh2 Rh4+ 72. Kg2
Rxh5 73. Kg3 g4 74. Kxg4 Rg5+ 75. Kh4 Rf1 76. Kh3 Rh1# 0-1

[Event "Titled Tue 27th May Early"]
[Site "chess.com INT"]
[Date "2025.05.27"]
[Round "9"]
[White "Baskakov, Egor"]
[Black "Aradhya, Garg"]
[Result "1-0"]
[WhiteTitle "CM"]
[BlackTitle "IM"]
[WhiteElo "2215"]
[BlackElo "2383"]
[WhiteFideId "24197866"]
[BlackFideId "25006746"]
[EventDate "2025.05.27"]

1. e4 e5 2. Nc3 Nf6 3. g3 d5 4. exd5 Nxd5 5. Bg2 Nxc3 6. bxc3 Nc6 7. Nf3 Be7 8.
Qe2 O-O 9. O-O Bf6 10. Re1 Bf5 11. Qb5 Rb8 12. Ba3 Re8 13. d3 a6 14. Qa4 Qd7 15.
Rad1 Nd4 16. Qxd7 Nxf3+ 17. Bxf3 Bxd7 18. Rb1 b6 19. Bc1 Ba4 20. Re2 e4 21. Bxe4
Bxc3 22. Bf4 Rbc8 23. Kf1 g6 24. Bb7 Rxe2 25. Kxe2 Re8+ 26. Kf3 a5 27. Bd5 Kg7
28. Bxc7 b5 29. Bb3 Bxb3 30. Rxb3 Bb4 31. c3 Rc8 32. cxb4 Rxc7 33. bxa5 Rc5 34.
Ke4 b4 35. Rxb4 Rxa5 36. a4 h5 37. h4 Rc5 38. Rc4 Ra5 39. d4 Kf6 40. Kd3 Ke6 41.
Rb4 Rf5 42. f4 Ra5 43. Kc4 Kd6 44. Kb3 Kc6 45. Kc4 Ra7 46. d5+ Kd6 47. Kd4 Ra5
48. Kc4 Rc5+ 49. Kb3 Rxd5 50. Rc4 Rd3+ 51. Rc3 Rd1 52. a5 Ke6 53. Kb4 Ra1 54.
Kb5 Kf5 55. a6 Kg4 56. Kb6 f6 57. Rc5 Rb1+ 58. Rb5 Ra1 59. a7 Rxa7 60. Kxa7 Kxg3
61. Rb6 Kxf4 62. Rxf6+ Kg4 63. Rxg6+ Kxh4 64. Kb6 Kh3 65. Kc5 h4 66. Kd4 Kh2 67.
Ke3 h3 68. Kf2 Kh1 69. Rb6 Kh2 70. Kf3 Kg1 71. Kg3 h2 72. Rb1# 1-0

[Event "Titled Tue 27th May Early"]
[Site "chess.com INT"]
[Date "2025.05.27"]
[Round "9"]
[White "Vedant Rupeshbhai Varasada"]
[Black "Punin, Andrii"]
[Result "1-0"]
[WhiteTitle "CM"]
[BlackTitle "FM"]
[WhiteElo "1971"]
[BlackElo "2289"]
[WhiteFideId "25156527"]
[BlackFideId "14112639"]
[EventDate "2025.05.27"]

1. e4 d5 2. exd5 Qxd5 3. Nc3 Qa5 4. Nf3 Nf6 5. Bc4 Bf5 6. d4 e6 7. O-O c6 8. a3
Nbd7 9. b4 Qc7 10. Qe2 Be7 11. Be3 O-O 12. h3 h6 13. Rad1 Rfe8 14. Bb3 a5 15.
Na2 b5 16. c4 a4 17. Bc2 Bxc2 18. Qxc2 Qb7 19. Ne5 Rec8 20. Nc1 Nb6 21. Ncd3
Nxc4 22. Nxc4 bxc4 23. Qxc4 Nd5 24. Nf4 Nc7 25. Ne2 Nb5 26. Rd3 Qd7 27. Rc1 Bf6
28. Qa2 h5 29. Nc3 Nxc3 30. Rdxc3 e5 31. dxe5 Bxe5 32. R3c2 g6 33. g3 Kg7 34. h4
Bf6 35. Qc4 Qh3 36. Qe4 Re8 37. Qg2 Qg4 38. Rxc6 Bb2 39. R1c4 Qd1+ 40. Kh2 Bxa3
41. Bd4+ Kg8 42. Qd5 Qb1 43. Rc7 Qf5 44. Qxf5 gxf5 45. b5 f4 46. gxf4 Bd6 47.
Rd7 Bxf4+ 48. Kg2 a3 49. b6 a2 50. Ba1 Rad8 51. Rxd8 Rxd8 52. Rxf4 Rd1 53. b7
Rb1 54. Ra4 Rxb7 55. Rxa2 Kh7 56. Bf6 Kg6 57. Ra6 Kf5 58. Bg5 Rb2 59. Rf6+ Ke4
60. Rxf7 Ra2 61. Rf4+ Ke5 62. Kg3 Ra3+ 63. f3 Ra2 64. Bf6+ Ke6 65. Bd4 Rd2 66.
Be3 Re2 67. Re4+ Kf5 68. Re7 Ra2 69. Bg5 Ra3 70. Rf7+ Kg6 71. Rf6+ Kg7 72. Rh6
Ra4 73. Rxh5 Kg6 74. Rh6+ Kg7 75. Rb6 Rc4 76. h5 Rc5 77. Rb7+ Kg8 78. f4 Rc3+
79. Kg4 Rc5 80. h6 Rc8 81. h7+ Kh8 82. Bf6# 1-0